000 00976cam a2200229 4500
001 ##L132332
008 060127n2005 000 0 eng u
020 _a1845921224
035 _a(Sirsi) u132332
041 0 _aeng
050 0 4 _a336.22 $2 2
100 1 _aHutton, Matthew
245 0 0 _aStamp duty land tax
250 _a2nd ed.
260 _aHaywards Heath
_bTottel
_c2005
300 _axxxiii, 378p.
_c23cm.
350 _a65
520 _aThe introduction of Stamp Duty Land Tax has been met with some concern. Critics have argued that often transactions are counter-intuitive and continues to be a source of disagreement between HMRC Stamp Taxes and professional bodies. This book aims to provide a straightforward guide to the principles of the tax, with reference to examples, and to highlight particular planning opportunities and traps that can occur in everyday situations.
590 _aIKA310106
690 _aPROPERTY-PROPERTY TAXATION
942 _n0
999 _c105099
_d105099